Biggest Cities in the Western Roman Empire with a Map - Statistics

General Stats
  • This quiz has been taken 415 times
  • The average score is 19 of 73
Answers on the Map
Answers color-coded by a green-red scale on the quiz's map according to % correct below.
 
Answer Stats
Population City % Correct
750k Roma (Rome)
98%
10k Augusta (London)
95%
65k Carthago (Qartaj, Tunis)
95%
15k Neapolis (Naples)
88%
23k Lugdunum (Lyon)
81%
21k Mediolanum (Milan)
79%
45k Syracusae (Syracuse)
77%
19k Tolosa (Toulouse)
74%
13k Colonia Agrippina (Cologne)
73%
19k Corduba (Córdoba)
70%
11k Messana (Messina)
64%
28k Catana (Catania)
59%
23k Ravenna
59%
14k Gades (Cádiz)
57%
80k Treveris (Trier)
49%
17k Caralis (Cagliari)
48%
27k Patavium (Padua)
48%
12k Tarraco (Tarragona)
41%
20k Mogontiacum (Mainz)
40%
35k Ostia Antica (Ostia)
38%
11k Rhegium Iulii (Reggio Calabria)
38%
10k Remi (Reims)
37%
14k Augusta Emerita (Mérida)
36%
10k Brundisium (Brindisi)
31%
35k Hadrumetum (Sousse)
31%
29k Iader (Zadar)
31%
44k Capua
30%
10k Augusta Vindelicorum (Augsburg)
29%
10k Aquae Sextiae (Aix-en-Provence)
28%
50k Leptis Magna (Al-Khums)
28%
50k Agrigentum (Agrigento)
27%
14k Aquileia
21%
15k Lilybaeum (Marsala)
20%
37k Caesarea Mauretaniae (Cherchell)
18%
10k Hippo Regius (Annaba)
18%
12k Borbetomagus (Worms)
16%
14k Sirmium (Sremska Mitrovica)
15%
17k Verulamium (St Albans)
15%
17k Utica
13%
25k Puteoli (Pozzuoli)
11%
10k Antium (Anzio)
9%
13k Astigi (Écija)
9%
11k Tauromenium (Taormina)
9%
10k Carnuntum (Petronell-Carnuntum)
7%
17k Corinium Dobunnorum (Cirencester)
7%
26k Paestum
7%
30k Thysdrus (El Djem)
7%
14k Cumae (Cuma)
6%
28k Sicca Veneria (El Kef)
6%
15k Ovilava (Wels)
5%
23k Rusicade (Skikda)
5%
15k Viroconium Cornoviorum (Wroxeter)
5%
11k Eporedia (Ivrea)
4%
15k Himera (Termini Imerese)
4%
11k Theveste (Tébessa)
4%
43k Thelepte (Thélepte)
3%
28k Altinum (Altino)
2%
11k Cartennae (Ténès)
2%
13k Luceria (Lucera)
2%
23k Nuceria Alfaterna (Nocera Superiore)
2%
10k Adranum (Adrano)
1%
12k Ammaedara (Haïdra)
1%
12k Aquinum (Aquino)
1%
12k Argentomagus (Saint-Marcel)
1%
10k Cales (Calvi Risorta)
1%
13k Iguvium (Gubbio)
1%
13k Lambaesis (Tazoult)
1%
12k Sora
1%
17k Teanum Sidicinum (Teano)
1%
25k Uthina
1%
11k Amiternum (San Vittorino)
0%
14k Numluli (Henchir-Mâtria)
0%
14k Thignica (Aïn Tounga)
0%
No matching quizzes found
Score Distribution
Percent of People with Each Score
Percentile by Number Answered
Your Score History
You have not taken this quiz